[Event "Ch Netherlands"]
[Site "masterchessopen.com - Leeuwarden (Netherlands)"]
[Round "6"]
[White "Hartoch Robert G (NED)"]
[Black "Van Baarle C John (NED)"]
[Result "1-0"]
[WhiteElo "2400"]
[BlackElo "2350"]

1.d4 f5 2.c4 Nf6 3.g3 g6 4.Nc3 Bg7 5.Bg2 O-O 6.Nh3 d6 7.d5 c6 8.Nf4 e5 9.dxe6
Qe7 10.O-O Na6 11.b3 Ne4 12.Nxe4 Bxa1 13.Qxd6 Qxd6 14.Nxd6 Bf6 15.e4 fxe4
16.Nxe4 Be7 17.h4 Nc7 18.Bh3 b6 19.Rd1 Ne8 20.Bb2 Ng7 21.Ng5 Nf5 22.Be5 Re8
23.Bg2 Bxg5 24.hxg5 Bxe6 25.Bxc6 Rad8 26.Rxd8 Rxd8 27.Nxe6 Rd1+ 28.Kg2 Re1
29.Bb8 Ne7 30.Bd5 {#r} 1-0

[Event "It"]
[Site "masterchessopen.com - Leipzig (Germany)"]
[Round "4"]
[White "Moehring Guenther (GER)"]
[Black "Paehtz Thomas (GER)"]
[Result "1-0"]
[WhiteElo "2450"]
[BlackElo "2480"]

1.d4 f5 2.c4 Nf6 3.g3 g6 4.Bg2 Bg7 5.Nc3 O-O 6.Nh3 d6 7.d5 c5 8.O-O Na6 9.Rb1
Rb8 10.Nf4 Nc7 11.b4 cxb4 12.Rxb4 Na6 13.Rb1 Nc5 14.Qc2 Bd7 15.Bd2 a6 16.Nd3
Qc8 17.Be3 Nxd3 18.exd3 b5 19.Ne2 Ng4 20.Bd4 Bxd4 21.Nxd4 Qc5 22.Nb3 Qa7 23.c5
f4 24.Be4 fxg3 25.hxg3 Bf5 26.Bxf5 Rxf5 27.Nd4 Rh5 28.Nc6 Qd7 29.Nxb8 Qf5
30.Qe2 Ne5 31.f4 Rh3 32.Kg2 {#r} 1-0

[Event "It"]
[Site "masterchessopen.com - Karlovac (Slovenia)"]
[Date "1977.09.17"]
[Round "5"]
[White "Piasetski Leon (CAN)"]
[Black "Kovacevic Vlatko (CRO)"]
[Result "0-1"]
[WhiteElo "2305"]
[BlackElo "2495"]

1.c4 f5 2.d4 Nf6 3.g3 d6 4.Bg2 c6 5.Nc3 g6 6.Nh3 Bg7 7.d5 O-O 8.Nf4 Qe8 9.Qb3
e5 10.Ne6 Bxe6 11.Qxb7 Nbd7 12.dxe6 Qxe6 13.Bxc6 Nb6 14.b3 e4 15.O-O Rf7
16.Qa6 Rc8 17.Bb5 Ng4 18.Bb2 f4 19.c5 Rxc5 20.Na4 Nxh2 21.Nxc5 Qh3 22.Bc4 Ng4
23.Bxf7+ Kh8 {#R} 0-1

[Event "Ch Baden"]
[Site "masterchessopen.com - Baden (Germany)"]
[Round "0"]
[White "Raupp Thomas (GER)"]
[Black "Manner Martin (GER)"]
[Result "1-0"]
[WhiteElo "2354"]
[BlackElo "2097"]

1.c4 f5 2.d4 Nf6 3.g3 g6 4.Bg2 Bg7 5.Nc3 O-O 6.Nh3 d6 7.d5 c6 8.Nf4 Qc7 9.h4
Na6 10.h5 Kf7 11.hxg6+ hxg6 12.Nh3 Rh8 13.Ng5+ Kg8 14.Rxh8+ Bxh8 15.Be3 e5
16.dxe6 Qe7 17.Nf7 Bxe6 18.Nxh8 Kxh8 19.Qd4 c5 20.Qh4+ Kg7 21.Bh6+ Kf7 22.Bg5
Rb8 23.Nd5 Bxd5 24.Bxd5+ {#r} 1-0

[Event "Ch Baden"]
[Site "masterchessopen.com - Baden (Germany)"]
[Round "0"]
[White "Raupp Thomas (GER)"]
[Black "Vogel Robert (GER)"]
[Result "1-0"]
[WhiteElo "2354"]
[BlackElo "2256"]

1.c4 f5 2.d4 Nf6 3.g3 g6 4.Bg2 Bg7 5.Nc3 O-O 6.Nh3 d6 7.d5 c6 8.Nf4 Re8 9.Qb3
cxd5 10.cxd5 Na6 11.h4 Nc5 12.Qc2 Bd7 13.h5 Kf7 14.b4 Nce4 15.Bxe4 fxe4 16.Bb2
Rc8 17.Qd2 Qb6 18.a3 a5 19.bxa5 Qb3 20.Rc1 Rc5 21.hxg6+ hxg6 22.Nd1 Rec8
23.Rxc5 Rxc5 24.Bd4 Rc2 25.Qb4 Qxb4+ 26.axb4 Bb5 27.O-O g5 28.Nc3 Rd2 29.Ne6
Bxe2 30.Re1 Bf3 31.Nxg5+ Kg6 32.Nxf3 exf3 33.Be3 Rd3 34.Rc1 Nxd5 35.Nxd5 Rxd5
{#r} 1-0

[Event "It"]
[Site "masterchessopen.com - Quebec (Canada)"]
[Round "6"]
[White "Bolduc Steve (CAN)"]
[Black "Alvarez Jose_ (CUB)"]
[Result "1-0"]
[WhiteElo "2229"]
[BlackElo "2368"]

1.d4 f5 2.c4 Nf6 3.g3 g6 4.Bg2 Bg7 5.e3 e6 6.Ne2 O-O 7.Nbc3 d5 8.O-O c6 9.b3
b6 10.a4 Ba6 11.cxd5 exd5 12.Ba3 Re8 13.Rc1 Nbd7 14.Qc2 Rc8 15.Rfd1 Ne4 16.Nf4
Ndf6 17.Nd3 Ng4 18.Nxe4 fxe4 19.Nb4 Bb7 20.Qe2 Qg5 21.a5 Rf8 22.Rf1 Rf5 23.a6
Ba8 24.h3 h5 25.hxg4 hxg4 26.Nxd5 Rcf8 27.Bxf8 Rxf8 28.Nf4 Qf6 29.Qxg4 Kf7
30.Qxg6+ Qxg6 31.Nxg6 {#r} 1-0

[Event "Ch Great Britain"]
[Site "masterchessopen.com - Torquay (England)"]
[Round "5"]
[White "Povah Nigel E (ENG)"]
[Black "Clarke Thomas (IRL)"]
[Result "1-0"]
[WhiteElo "2302"]
[BlackElo "2137"]

1.d4 f5 2.c4 Nf6 3.g3 g6 4.Bg2 Bg7 5.Nh3 O-O 6.Nc3 Nc6 7.O-O d6 8.Nf4 g5 9.d5
Ne5 10.Ne6 Bxe6 11.dxe6 g4 12.Bxb7 Rb8 13.Bg2 Nxc4 14.Qd3 Nxb2 15.Qxf5 Nc4
16.Bf4 Qe8 17.Qd3 Nb6 18.a4 c5 19.a5 Na8 20.Rab1 Qg6 21.Rxb8 Rxb8 22.Qa6 Qe8
23.Qxa7 Nh5 24.Nd5 Nxf4 25.Nxe7+ Kh8 26.gxf4 {#r} 1-0

[Event "It (open)"]
[Site "masterchessopen.com - Novi Sad (Yugoslavia)"]
[Round "8"]
[White "Zlotnik Boris A (RUS)"]
[Black "Pantos Nenad (SCG)"]
[Result "1-0"]
[WhiteElo "2440"]
[BlackElo "2292"]

1.c4 f5 2.d4 Nf6 3.g3 d6 4.Nf3 c6 5.Bg2 Qc7 6.d5 cxd5 7.cxd5 Nxd5 8.O-O Nf6
9.Nc3 e6 10.Nd4 a6 11.e4 fxe4 12.Nxe4 Nxe4 13.Bxe4 Qf7 14.Qc2 Nd7 15.Bxh7 Ne5
16.Be4 d5 17.Bg2 Bd6 18.Bf4 O-O 19.Rae1 Nc4 20.Bxd6 Nxd6 21.Qc5 Ne4 22.Bxe4
dxe4 23.Qe5 Bd7 24.Rxe4 Rae8 25.Rh4 Qg6 26.Re1 Rf6 27.Qe4 Qg5 28.Qxb7 Qd2
29.Rf1 Re7 30.Nf3 Qe2 31.Nd4 Qd2 32.Qe4 e5 33.Nf3 Rxf3 34.Qxf3 Bb5 35.Rd1 Qa5
36.Qd5+ {#r} 1-0

[Event "It (b)"]
[Site "masterchessopen.com - Aarhus (Denmark)"]
[Round "1"]
[White "Antonsen Mikkel (DEN)"]
[Black "Aagaard Michael (NED)"]
[Result "1-0"]
[WhiteElo "2457"]
[BlackElo "2044"]

1.d4 f5 2.c4 Nf6 3.g3 g6 4.Bg2 Bg7 5.Nh3 d6 6.Nc3 O-O 7.d5 c6 8.Nf4 e5 9.dxe6
Qe7 10.O-O Bxe6 11.Nxe6 Qxe6 12.Qb3 Rf7 13.Rd1 Na6 14.Bf4 Rd8 15.Qa3 Qxc4
16.Bxd6 Rfd7 17.e4 Ng4 18.exf5 Bd4 19.Bf1 Bxf2+ 20.Kh1 Qf7 21.fxg6 hxg6 22.Ne4
Ne3 23.Be2 Qf5 24.Qd3 Rh7 25.Nxf2 Rxh2+ 26.Kxh2 Qxf2+ 27.Kh3 Kf7 28.Qb3+ Kf6
29.Qc3+ Ke6 30.Bc4+ Kd7 31.Qg7+ {#r} 1-0

[Event "It (open) \"]
[Site "masterchessopen.com - Budapest (Hungary)"]
[Round "0"]
[White "Arbakov Valentin (RUS)"]
[Black "Almasi Zoltan (HUN)"]
[Result "1-0"]
[WhiteElo "2415"]
[BlackElo "2710"]

1.c4 f5 2.d4 Nf6 3.g3 g6 4.Bg2 Bg7 5.b3 O-O 6.Bb2 d6 7.Nd2 Nc6 8.d5 Ne5 9.Ngf3
Nxf3+ 10.Nxf3 Bd7 11.O-O c6 12.dxc6 Bxc6 13.b4 e5 14.Qb3 Kh8 15.Rfd1 e4 16.Nd4
Qe7 17.Nxc6 bxc6 18.a4 Rab8 19.b5 Qe6 20.Rab1 cxb5 21.axb5 Rfc8 22.e3 a6
23.Bd4 Nd7 24.Qc3 Be5 25.bxa6 Ra8 26.Qa1 Rxc4 27.Bf1 Rc7 28.Rdc1 Nc5 29.Rb6
Qe7 30.Rxd6 {#r} 1-0

[Event "It (youth) (under 26)"]
[Site "masterchessopen.com - Tel Aviv (Israel)"]
[Round "0"]
[White "Zoler Dan (ISR)"]
[Black "Krizsany Laszlo (HUN)"]
[Result "1-0"]
[WhiteElo "2541"]
[BlackElo "2455"]

1.d4 f5 2.c4 Nf6 3.g3 g6 4.Bg2 Bg7 5.Nc3 O-O 6.e3 d6 7.Nge2 c6 8.O-O e5 9.b3
Qc7 10.Ba3 Rd8 11.Qd2 a5 12.Rad1 e4 13.d5 c5 14.f3 exf3 15.Bxf3 Nbd7 16.Nf4
Ne5 17.Bg2 Qe7 18.Rde1 Rf8 19.e4 fxe4 20.Nxe4 Nxe4 21.Bxe4 Qg5 22.Bc1 Qg4
23.Qg2 Bf5 24.Bxf5 Qxf5 25.Bb2 Qg4 26.Bxe5 Bxe5 27.Ne6 Rf5 28.a4 Re8 29.Rxf5
gxf5 30.Qe2 Qh3 31.Qf3 Kh8 32.Rf1 Rg8 33.Qg2 Qg4 34.Qf3 Qh3 35.Nf4 Qh6 36.Ng2
{#r} 1-0

[Event "It (open) \"]
[Site "masterchessopen.com - Moscow (Russia)"]
[Round "0"]
[White "Bykhovsky Avigdor (RUS)"]
[Black "Tabatadze Tamaz (GEO)"]
[Result "0-1"]
[WhiteElo "2434"]
[BlackElo "2383"]

1.c4 f5 2.d4 Nf6 3.g3 g6 4.Bg2 Bg7 5.b3 O-O 6.Bb2 d6 7.d5 Na6 8.Nh3 Qe8 9.O-O
c6 10.dxc6 bxc6 11.Na3 Bd7 12.Nc2 Rb8 13.Rb1 h6 14.f4 Nc5 15.Nf2 Qf7 16.Qd2
Rfc8 17.Bd4 Ne6 18.Bc3 g5 19.e4 fxe4 20.Bxf6 Bxf6 21.Nxe4 gxf4 22.Nxf6+ Qxf6
23.gxf4 Kh8 24.Kh1 Rf8 25.f5 Ng7 26.Ne3 Nxf5 27.Nxf5 Bxf5 28.Rbe1 Qh4 29.Rf4
Qg5 30.h4 Qg7 31.Rg1 Qh7 32.Bxc6 Rf6 33.Qe3 Rbf8 34.Qxa7 Bd7 35.Qxd7 Rxf4
36.Qh3 {#R} 0-1

[Event "It (active)"]
[Site "masterchessopen.com - Oviedo (Spain)"]
[Round "0"]
[White "Dorfman Iossif D (FRA)"]
[Black "Mellado Trivino Juan (AND)"]
[Result "1-0"]
[WhiteElo "2580"]
[BlackElo "2435"]

1.c4 f5 2.d4 Nf6 3.g3 d6 4.d5 c6 5.Nh3 e5 6.dxe6 Bxe6 7.Nf4 Bxc4 8.Qc2 Qa5+
9.Bd2 Qc5 10.Bg2 Bf7 11.Nc3 g6 12.b4 Qc4 13.O-O Bg7 14.Rac1 O-O 15.Qb1 Nbd7
16.Ncd5 Qa6 17.Nc7 Qxa2 18.Qxa2 Bxa2 19.Nxa8 Rxa8 20.b5 cxb5 21.Ra1 Bc4
22.Bxb7 Re8 23.Rxa7 g5 24.Nd5 Nc5 25.Ne3 Re7 26.Ra8+ Kf7 27.Bc8 Nfe4 28.Ba5
Bxe2 29.Re1 Bf3 {#r} 1-0

[Event "Ch Finland"]
[Site "masterchessopen.com - Tampere (Finland)"]
[Round "10"]
[White "Rantanen Yrjo A (FIN)"]
[Black "Norri Joose (FIN)"]
[Result "0-1"]
[WhiteElo "2400"]
[BlackElo "2291"]

1.d4 f5 2.c4 Nf6 3.g3 g6 4.Bg2 Bg7 5.Nc3 O-O 6.e3 Nc6 7.Nge2 e6 8.b3 Rb8 9.d5
Ne5 10.Bb2 Nf7 11.Qd4 b6 12.dxe6 dxe6 13.Qxd8 Rxd8 14.Nd4 Ne5 15.O-O-O Bd7
16.h3 c5 17.Nde2 a6 18.f4 Nf7 19.Rd2 Rdc8 20.g4 Rc7 21.g5 Ne8 22.Rhd1 Bc6
23.Bxc6 Rxc6 24.Rd7 b5 25.cxb5 axb5 26.Ra7 Ned6 27.Ng1 b4 28.Nce2 Bf8 29.Kb1
Nc8 30.Rad7 Nb6 31.Ra7 Nd5 32.Rd3 Nd6 33.Nf3 c4 34.Ned4 cxd3 35.Nxc6 Rc8
36.Nce5 {#R} 0-1

[Event "It (open) \"]
[Site "masterchessopen.com - Buenos Aires (Argentina)"]
[Round "2"]
[White "Palmisano Juan Antonio (ARG)"]
[Black "Rodriguez Andres (URU)"]
[Result "0-1"]
[WhiteElo "2167"]
[BlackElo "2505"]

1.d4 f5 2.c4 Nf6 3.g3 g6 4.Bg2 Bg7 5.Nc3 O-O 6.Nf3 d6 7.d5 Na6 8.O-O Nc5 9.Nd4
e5 10.dxe6 c6 11.Bg5 h6 12.Bxf6 Qxf6 13.e3 Nxe6 14.Nde2 Rd8 15.Qc2 Bd7 16.Rfd1
Be8 17.Rd2 Qe5 18.Rad1 Bf7 19.b4 Rac8 20.Qa4 a6 21.b5 cxb5 22.Qa5 Rxc4 23.Nd5
Bf8 24.Nef4 Rb8 25.Nb6 Nxf4 26.Nxc4 bxc4 27.Qc7 Nxg2 28.Qxb8 c3 29.Rxd6 c2
{#R} 0-1

[Event "It (open) \"]
[Site "masterchessopen.com - Chicago (USA)"]
[Round "0"]
[White "Shirazi Kamran (FRA)"]
[Black "Basin Leonid (RUS)"]
[Result "1-0"]
[WhiteElo "2450"]
[BlackElo "2420"]

1.c4 f5 2.d4 Nf6 3.g3 g6 4.Bg2 Bg7 5.Nc3 O-O 6.Nh3 e6 7.O-O d6 8.b3 Nc6 9.d5
exd5 10.cxd5 Ne5 11.Ba3 Bd7 12.Rc1 Qe7 13.Nf4 Rad8 14.Qd2 Kh8 15.Rfd1 Neg4
16.h3 Ne5 17.Qe3 g5 18.Ne6 Ng6 19.Nxc7 Qxe3 20.fxe3 Nh5 21.Bxd6 Rf6 22.Bc5
Nxg3 23.Bd4 Rd6 24.Kf2 f4 25.exf4 gxf4 26.N3b5 Bxd4+ 27.Rxd4 Rf6 28.Ne6 Rg8
29.Nbc7 Nf5 30.Rb4 b6 31.Be4 Ngh4 32.Bxf5 Rxf5 33.Rxf4 Rxf4+ 34.Nxf4 Rf8 35.e3
{#r} 1-0

[Event "It (open)"]
[Site "masterchessopen.com - Goch (Germany)"]
[Round "3"]
[White "Fiederling Wilfred (GER)"]
[Black "Schaefer Heiko (GER)"]
[Result "0-1"]
[WhiteElo "2121"]
[BlackElo "2083"]

1.d4 f5 2.c4 Nf6 3.g3 g6 4.Bg2 Bg7 5.Nc3 O-O 6.Nh3 Nc6 7.O-O e5 8.d5 Ne7 9.Bg5
h6 10.Bxf6 Rxf6 11.f4 e4 12.e3 c5 13.d6 Nc6 14.Qd5+ Kh7 15.Qxc5 Qa5 16.Qxa5
Nxa5 17.c5 Nc4 18.Nd1 b6 19.b3 Na3 20.Rc1 bxc5 21.Rxc5 Ba6 22.Re1 Rxd6 23.g4
Rc8 24.Rxc8 Bxc8 25.gxf5 gxf5 26.Nhf2 Ba6 27.Bh3 Nc2 28.Bxf5+ Kh8 29.Nxe4 Rd5
30.Ndc3 Rxf5 31.Rd1 Nxe3 32.Rxd7 Rxf4 33.h3 Rf1+ 34.Kh2 Be5+ 35.Ng3 Rf2+ {#R}
0-1

[Event "It (a)"]
[Site "masterchessopen.com - Tel Aviv (Israel)"]
[Round "2"]
[White "Berkovich Mark A (ISR)"]
[Black "Beim Valery (AUT)"]
[Result "0-1"]
[WhiteElo "2455"]
[BlackElo "2485"]

1.c4 f5 2.d4 Nf6 3.g3 g6 4.Bg2 Bg7 5.Nh3 d6 6.d5 Nbd7 7.Nc3 O-O 8.O-O Ne5 9.b3
c5 10.Bd2 Bd7 11.Qc2 a6 12.a4 b6 13.Kh1 Rb8 14.Rae1 b5 15.axb5 axb5 16.cxb5
Bxb5 17.Nxb5 Rxb5 18.Ng5 Qb6 19.f4 Nf7 20.e4 fxe4 21.Bxe4 Rxb3 22.Bg2 Rb2
23.Qd1 Qb7 24.Ne6 Ra8 25.Nxg7 Raa2 26.Re2 Kxg7 27.Rfe1 Qb5 28.f5 g5 29.h4 h6
{#R} 0-1

[Event "Ch Yugoslavia (w)"]
[Site "masterchessopen.com - Belgrade (Yugoslavia)"]
[Round "1"]
[White "Stoisavljevic Sava (YUG)"]
[Black "Todorovic Slavica (SRB)"]
[Result "1-0"]
[WhiteElo "2125"]
[BlackElo "2045"]

1.d4 f5 2.c4 Nf6 3.g3 g6 4.Bg2 Bg7 5.Nh3 O-O 6.O-O d6 7.d5 a5 8.Nf4 Na6 9.Nd3
Bd7 10.Qb3 Rb8 11.Bd2 c6 12.dxc6 bxc6 13.Qa3 Nb4 14.Nxb4 axb4 15.Bxb4 Qb6
16.Bc3 Ra8 17.Qb4 Qa6 18.c5 Rfb8 19.Qd4 Nh5 20.Qd2 d5 21.Bxg7 Kxg7 22.Qc3+ Nf6
23.Nd2 Re8 24.e3 e5 25.Rfb1 Bc8 26.a4 Qa7 27.b4 Nd7 28.Nb3 Qb8 29.Bf1 Qc7
30.b5 cxb5 31.axb5 Rxa1 32.Rxa1 Nb6 {#r} 1-0

[Event "It (open)"]
[Site "masterchessopen.com - Groningen (Netherlands)"]
[Round "10"]
[White "Garcia Alvaro (URU)"]
[Black "Perez Garcia Hebert (NED)"]
[Result "0-1"]
[WhiteElo "2031"]
[BlackElo "2245"]

1.d4 f5 2.c4 Nf6 3.g3 d6 4.Bg2 c6 5.Nf3 Qc7 6.O-O e5 7.Nc3 e4 8.Ne1 Be7 9.Bf4
O-O 10.Nc2 Na6 11.b4 Bd7 12.c5 Nh5 13.cxd6 Bxd6 14.Bxd6 Qxd6 15.Rb1 Nc7 16.Ne3
Be6 17.Qd2 Rad8 18.Rfd1 f4 19.gxf4 Nxf4 20.Nxe4 Qe7 21.Ng3 h5 22.Qe1 h4
23.Ngf1 Qg5 24.Ng3 Nh3+ 25.Bxh3 Bxh3 26.Rbc1 Ne6 27.d5 cxd5 28.Rd3 hxg3
29.hxg3 d4 30.Nf1 Nf4 31.Rd2 d3 32.Kh2 Bxf1 {#R} 0-1

[Event "Ch Poland (1/2 final)"]
[Site "masterchessopen.com - Nadole (Poland)"]
[Round "6"]
[White "Sosnicki Michal (POL)"]
[Black "Hnydiuk Aleksander (POL)"]
[Result "0-1"]
[WhiteElo "2301"]
[BlackElo "2412"]

1.d4 f5 2.c4 Nf6 3.g3 g6 4.Bg2 Bg7 5.Nh3 d6 6.Nc3 e6 7.O-O O-O 8.b3 c6 9.Bb2
e5 10.dxe5 dxe5 11.e4 Qc7 12.exf5 Bxf5 13.Qe2 Na6 14.Ng5 Nc5 15.Nge4 Nfxe4
16.Nxe4 Ne6 17.c5 Kh8 18.Qc4 Nd4 19.f4 Be6 20.Qd3 Rad8 21.Nd6 Bf5 22.Qd2 Ne6
23.Bxe5 Bxe5 24.fxe5 Nxc5 25.g4 Be6 26.Qd4 Nd7 27.Qxa7 Rxf1+ 28.Rxf1 Nxe5
29.Nxb7 Nxg4 30.Rf2 Qxh2+ 31.Kf1 Rd1+ 32.Ke2 Nxf2 33.Qxf2 Bg4+ 34.Ke3 Qe5+
35.Be4 Qd4+ {#R} 0-1

[Event "It (open)"]
[Site "masterchessopen.com - Sitges (Spain)"]
[Round "0"]
[White "Suba Mihai (ROM)"]
[Black "Castany J"]
[Result "1-0"]
[WhiteElo "2530"]
[BlackElo "2105"]

1.c4 f5 2.d4 Nf6 3.g3 g6 4.Bg2 Bg7 5.Nc3 O-O 6.Nh3 e6 7.O-O d6 8.b3 c6 9.Qc2
Na6 10.Ba3 Re8 11.Rad1 d5 12.e3 Qa5 13.Nb1 Bd7 14.Nf4 Rac8 15.Nd3 Ne4 16.f3
Nf6 17.Bd6 dxc4 18.bxc4 c5 19.dxc5 Ba4 20.Qd2 Qd8 21.Rc1 Nd7 22.Nc3 Ndxc5
23.Nxc5 Nxc5 24.Nxa4 Nxa4 25.Rc2 Nc5 26.Rd1 Qf6 27.e4 b6 28.e5 Qf7 29.f4 h5
30.Qe3 Kh7 31.Rcd2 Bf8 32.h3 Be7 33.Bf3 Rg8 34.h4 Kh6 35.Qa3 Bf8 36.Kf2 {#r}
1-0

[Event "Ch World (juniors) (under 18)"]
[Site "masterchessopen.com - Szeged (Hungary)"]
[Round "0"]
[White "Balogh Tomas (SVK)"]
[Black "Nakamura Ryuji (JPN)"]
[Result "1-0"]
[WhiteElo "2270"]
[BlackElo "2186"]

1.d4 f5 2.c4 Nf6 3.g3 g6 4.Bg2 Bg7 5.Nh3 O-O 6.O-O d6 7.d5 Qe8 8.Nf4 Na6 9.Nc3
c5 10.Re1 Nc7 11.a4 Qf7 12.Nb5 Nxb5 13.axb5 g5 14.Ne6 Bxe6 15.dxe6 Qxe6
16.Bxb7 Rab8 17.Bc6 Qxc4 18.Bxg5 Qg4 19.Qd2 Ne4 20.Qd5+ Kh8 21.Bxe7 Bd4 22.e3
Bxb2 23.Bxf8 Bxa1 24.Bxd6 {#r} 1-0

[Event "It"]
[Site "masterchessopen.com - Timishoara (Romania)"]
[Round "2"]
[White "Jelic Goran (SRB)"]
[Black "Bogdan Dan (ROM)"]
[Result "1-0"]
[WhiteElo "2193"]
[BlackElo "2420"]

1.c4 f5 2.d4 Nf6 3.g3 d6 4.d5 c6 5.Bg2 e5 6.dxe6 Bxe6 7.b3 d5 8.cxd5 Bxd5
9.Nf3 Bb4+ 10.Bd2 a5 11.O-O O-O 12.Nc3 Bf7 13.Qc2 Qc8 14.Bh3 Ng4 15.Na4 Bxd2
16.Nb6 Qd8 17.Nxa8 Bb4 18.Rad1 Bd5 19.Nh4 Nd7 20.Nc7 Nc5 21.Nxd5 cxd5 22.Nxf5
Nf6 23.Ne3 Kh8 24.Bg2 d4 25.Nf5 d3 26.exd3 b5 27.d4 Ncd7 28.Ne3 h5 29.Qg6 {#r}
1-0

[Event "n) (b"]
[Site "masterchessopen.com - Eger (Hungary)"]
[Round "0"]
[White "Papp Zsolt (HUN)"]
[Black "Horvath Julia (HUN)"]
[Result "0-1"]
[WhiteElo "2126"]
[BlackElo "2295"]

1.d4 f5 2.c4 Nf6 3.g3 g6 4.Bg2 Bg7 5.Nc3 d6 6.Nh3 O-O 7.O-O c6 8.d5 e5 9.dxe6
Bxe6 10.Qd3 Na6 11.Bf4 Ne4 12.Nxe4 fxe4 13.Qxe4 Bf5 14.Qe3 Qd7 15.Ng5 h6
16.Ne4 Rae8 17.Rad1 Bxe4 18.Bxe4 Re6 19.Bxh6 Rfe8 20.f3 Bxb2 21.Qb3 Be5 22.Be3
Qh7 23.Rb1 R8e7 24.Bf2 Qh3 25.Rfd1 Rh7 26.f4 Qxh2+ 27.Kf1 Bxf4 28.gxf4 Rxe4
29.Rxd6 {#R} 0-1

[Event "Ch Europe (juniors) (under 20)"]
[Site "masterchessopen.com - Holon (Israel)"]
[Round "6"]
[White "Guerra Victor (POR)"]
[Black "Coutton Sylvain (FRA)"]
[Result "1-0"]
[WhiteElo "2202"]
[BlackElo "2147"]

1.c4 f5 2.d4 Nf6 3.g3 g6 4.Nc3 Bg7 5.Bg2 O-O 6.Nh3 d6 7.d5 Na6 8.O-O Nc5 9.Qc2
e5 10.dxe6 Nxe6 11.Rd1 c6 12.Nf4 Qe7 13.Rb1 Ng4 14.b4 g5 15.Nh3 h6 16.e3 Ne5
17.b5 Bd7 18.Ne2 h5 19.Ba3 Nc5 20.Nd4 Rac8 21.bxc6 bxc6 22.Nb3 f4 23.exf4 Bf5
24.Qe2 g4 25.Nxc5 dxc5 26.Ng5 Bxb1 27.Rxb1 Rb8 28.Re1 Rfe8 29.Qc2 Bf6 30.Bxc6
Qg7 31.Bxe8 Rxe8 32.fxe5 Bxg5 33.e6 Qf6 34.Bb2 Qh6 35.Qf5 Rf8 36.Qxc5 {#r} 1-0

[Event "It (open)"]
[Site "masterchessopen.com - Mainz (Germany)"]
[Round "8"]
[White "Hahn Winfried Prof Dr (GER)"]
[Black "Linnanen Lassi (FIN)"]
[Result "1-0"]
[WhiteElo "2029"]
[BlackElo "2168"]

1.d4 f5 2.c4 Nf6 3.g3 g6 4.Bg2 Bg7 5.Nh3 O-O 6.O-O d6 7.d5 c6 8.Nc3 e5 9.e4
fxe4 10.Ng5 cxd5 11.cxd5 Na6 12.Ngxe4 Nxe4 13.Nxe4 Bf5 14.Be3 Qd7 15.Qd2 Rfc8
16.Rac1 b6 17.b3 Nc5 18.Nxc5 bxc5 19.f4 Qb5 20.fxe5 Bxe5 21.Rxf5 gxf5 22.Bh6
Kh8 23.Qg5 f4 24.Re1 Qd3 25.Rf1 Rg8 26.Qe7 Rae8 27.Qf7 fxg3 28.h4 Qd4+ {#r}
1-0

[Event "It \"]
[Site "masterchessopen.com - Moscow (Russia)"]
[Round "3"]
[White "Arbakov Valentin (RUS)"]
[Black "Rustemov Alexander (RUS)"]
[Result "1-0"]
[WhiteElo "2455"]
[BlackElo "2475"]

1.c4 f5 2.d4 Nf6 3.g3 g6 4.Bg2 Bg7 5.Nc3 d6 6.d5 c6 7.Nh3 O-O 8.Nf4 e5 9.dxe6
Qe7 10.O-O Bxe6 11.Nxe6 Qxe6 12.Qb3 Rf7 13.Bf4 Nh5 14.Bd2 Na6 15.Rac1 Nc5
16.Qb4 a5 17.Qa3 Qxc4 18.Ne4 Qxe2 19.Nxd6 Rd7 20.Qxc5 Qxd2 21.Nxb7 Bxb2 22.Rc2
Qd4 23.Bxc6 Rg7 24.Rb1 Ba1 25.Rcc1 Bb2 26.Rd1 Qe5 27.Qc4+ Kh8 28.Nd8 Raa7
29.Re1 {#r} 1-0

[Event "Ch Catalunia (juniors) (under 18)"]
[Site "masterchessopen.com - Tarrega (Spain)"]
[Round "0"]
[White "Garcia Bosch Orlando (ESP)"]
[Black "Oussama Omar (ESP)"]
[Result "1-0"]
[WhiteElo "2131"]
[BlackElo "2330"]

1.d4 f5 2.c4 Nf6 3.g3 d6 4.Bg2 c6 5.Nc3 Qc7 6.d5 e5 7.dxe6 Bxe6 8.b3 d5 9.cxd5
cxd5 10.Qd3 Nc6 11.a3 Ne4 12.Bb2 Nc5 13.Qd1 d4 14.Nd5 Qe5 15.Nb4 Nxb4 16.axb4
Nxb3 17.Bxb7 Rb8 18.Bc6+ Kd8 19.Nf3 Bxb4+ 20.Kf1 Qd6 21.Nxd4 Nxa1 22.Nxe6+ Ke7
23.Nd4 Rhf8 24.Qxa1 Bc5 25.Bf3 Bxd4 26.Bxd4 a5 27.Kg2 g5 28.e3 a4 29.Qc3 Rb3
30.Qa5 Rc8 31.Qxa4 Rcb8 32.Qa5 Kf7 33.Qxf5+ Kg8 34.Be5 Qf8 35.Qxf8+ Kxf8
36.Bxb8 {#r} 1-0

[Event "Ch Bulgaria (team)"]
[Site "masterchessopen.com - Varna (Bulgaria)"]
[Round "7"]
[White "Karapchanski Dimitar (BUL)"]
[Black "Panbukchian Valentin (BUL)"]
[Result "0-1"]
[WhiteElo "2335"]
[BlackElo "2385"]

1.c4 f5 2.d4 Nf6 3.g3 g6 4.Bg2 Bg7 5.Nc3 O-O 6.f4 d6 7.Nf3 c6 8.O-O Nbd7 9.Ng5
Nb6 10.b3 e5 11.e3 Re8 12.Qd3 h6 13.Nh3 exd4 14.exd4 d5 15.c5 Nbd7 16.Bb2 b6
17.b4 bxc5 18.dxc5 Rb8 19.b5 Ne4 20.bxc6 Ndxc5 {#R} 0-1

[Event "Ch France"]
[Site "masterchessopen.com - Auxerre (France)"]
[Round "10"]
[White "Hauchard Arnaud (FRA)"]
[Black "Chomet Pascal (FRA)"]
[Result "1-0"]
[WhiteElo "2500"]
[BlackElo "2385"]

1.c4 f5 2.d4 Nf6 3.g3 g6 4.Bg2 Bg7 5.Nh3 O-O 6.Nc3 d6 7.d5 Na6 8.Nf4 Nc5 9.h4
e5 10.dxe6 Nxe6 11.Nxe6 Bxe6 12.Bxb7 Bxc4 13.b3 Rb8 14.Bg2 Bf7 15.Be3 Rb4
16.Rc1 a5 17.Bg5 h6 18.Bxf6 Bxf6 19.e3 Kg7 20.Nd5 Bxd5 21.Qxd5 c5 22.Bf1 Qe7
23.Bc4 f4 24.gxf4 Bxh4 25.Ke2 Rbb8 26.Qf3 g5 27.Rcg1 Kh8 28.Qh5 Rf6 29.Rxg5
Bxg5 30.fxg5 {#r} 1-0

[Event "It (open) (active)"]
[Site "masterchessopen.com - Barcelona (Spain)"]
[Round "0"]
[White "Suba Mihai (ROM)"]
[Black "Gual Pascual Antonio (ESP)"]
[Result "0-1"]
[WhiteElo "2520"]
[BlackElo "2430"]

1.c4 f5 2.d4 Nf6 3.g3 g6 4.Bg2 Bg7 5.Nc3 O-O 6.Nh3 Nc6 7.O-O d6 8.d5 Ne5 9.b3
c5 10.Qc2 a6 11.a4 b6 12.Bd2 Bd7 13.Ng5 Rb8 14.f4 Neg4 15.h3 Nh6 16.Ra2 Ne8
17.e4 fxe4 18.g4 Bd4+ 19.Kh1 e3 20.Bc1 Ng7 21.Ne2 Nf7 22.Nxf7 Rxf7 23.Qe4 h5
24.Qxg6 hxg4 25.hxg4 Rf6 26.Qg5 Kf7 27.f5 Qh8+ 28.Kg1 Rg8 29.Nxd4 cxd4 30.Qf4
Nxf5 31.gxf5 Rh6 32.Bxe3 dxe3 33.Qxe3 Rh1+ 34.Kf2 Rxg2+ 35.Kxg2 Qh2+ {#R} 0-1

[Event "It (open)"]
[Site "masterchessopen.com - Baunatal (Germany)"]
[Round "0"]
[White "Solonar Stefan (GER)"]
[Black "Becker Peter (GER)"]
[Result "1-0"]
[WhiteElo "2310"]
[BlackElo "1952"]

1.c4 f5 2.d4 Nf6 3.g3 g6 4.Bg2 Bg7 5.Nh3 d6 6.d5 Bd7 7.Nf4 Qc8 8.h4 c6 9.h5 g5
10.h6 gxf4 11.hxg7 Rg8 12.Bxf4 Rxg7 13.Nc3 Na6 14.Qd2 Qc7 15.dxc6 bxc6 16.Rb1
Nc5 17.b4 Nce4 18.Nxe4 Nxe4 19.Qb2 Nf6 20.c5 Rf7 21.Rd1 a5 22.b5 Rb8 23.cxd6
Qb6 24.dxe7 Qxb5 25.Qd2 Rb7 26.Bd6 Ng8 27.Qg5 {#r} 1-0